| 000 | 04512cam a22003611a 4500 | ||
|---|---|---|---|
| 005 | 20140903174916.0 | ||
| 008 | 880315k18611862fr fr 001 0 fre d | ||
| 010 | _a10018230 | ||
| 035 | _a(OCoLC)17629579 | ||
| 040 |
_aDLC _cSandra Yazo (modificó) _dSandra Yazo (modificó) |
||
| 041 | _afre | ||
| 042 | _apremarc | ||
| 043 | _ae-fr--- | ||
| 082 |
_220 _a346.0744 |
||
| 092 | _aE28N030 | ||
| 100 | 1 |
_aMassé, Gabriel, _d1807-1881. _941660 |
|
| 242 | 0 | 3 |
_aEl Derecho Comercial en sus relaciones con el Derecho de Gentes y con el Derecho Civil. _cpor Gabriel Massé _yspa |
| 245 | 1 | 3 |
_aLe droit commercial dans ses rapports avec le droit des gens et le droit civil _cpar M. G. Massé. |
| 250 |
_a2e éd., _brevue et augmentee [corregida y aumentada] |
||
| 260 |
_aParís _bGuillaumin et cie [Guillaumin y compañía] _c1861-1862 |
||
| 300 |
_a4 v. (viii, 631 ; 575 ; 542 ; 765 p.) _c23 x 14 cms. |
||
| 500 | _aDetalles físicos: Encuadernación rígida (holandesa) en cartón forrado en papel. Tapas con bordes deteriorados, algunos residuos de cinta. Lomo en piel de color con letras y números, nervaduras sobre costura. Guardas en papel de agua. Hoja de cortesía. Anteportada. Portada impresa en una tinta, en diversos tipos de letra. Texto impreso en una sola columna, sobre papel de buena calidad, con notas de pie de página. Márgenes amplios. Papel manchado. En la hoja de cortesía sello de tinta: “Colegio Mayor Rosario”. Biblioteca” y en portada un sellos estampado varias veces: “Doctor Alejandro Motta. Abogado. Calle 19 n° 68”. V.1 y V.4 la cinta para señalar la lectura desprendida. | ||
| 505 | 2 | _aV.1: Generalidades sobre el comercio, el derecho que lo regula y sus leyes. ; El Derecho de gentes en su relación con el comercio. ; Normas que orientan las relaciones comerciales entre naciones. ; El libre comercio. ; El comercio en tiempos de paz y en tiempos de guerra. ; Efectos de la guerra sobre los neutrales. ; El nuevo comercio; en especial el que se realiza con las colonias. ; Reglas y normas que son comunes a enemigos y neutrales. ; Doctrina sobre los consulados. ; El derecho civil y las leyes en su relación con las relaciones internacionales individuales y la libertad de comercio interior. ; Posición de los extranjeros dentro del Estado: deberes y derechos... | |
| 505 | 2 | _aV.2: Relaciones internacionales individuales o derecho internacional privado. ; Sobre la libertad de comercio. ; El Derecho civil en sus relaciones con las personas de los comerciantes. ; Los comerciantes en general. ; Quién puede ser comerciante. ; Sobre el domicilio. ; Los mineros y el comercio. ; La incapacidad de contratar y sus relaciones con la facultad de comerciar. ; La interdicción. ; La quiebra y la bancarrota. ; Los judíos. ; Asociaciones de comerciantes. ; Los herederos de los comerciantes. ; El derecho civil en su relación con aquellas cosas y bienes que son objeto de comercio... | |
| 505 | 2 | _aV.3: El Derecho Civil en su relación con las obligaciones comerciales. ; Obligaciones convencionales o contratos. ; Condiciones esenciales para la validez de los contratos. ; Efecto de los contratos: obligaciones que derivan de ellos. ; Daños y perjuicios que derivan del incumplimiento de estas obligaciones. ; Efecto de los contratos en su relación con terceros. ; Clases de obligaciones. ; Sobre la solidaridad en general. ; Solidaridad entre acreedores y entre deudores... | |
| 505 | 2 | _aV.4: El derecho civil en su relación con las obligaciones comerciales (continuación). ; Extinción de las obligaciones. ; Las pruebas de las obligaciones y de su cancelación. ; Pruebas literales. ; Libros y registros contables. ; Compromisos que se adquieren sin que medie un acuerdo: los cuasi contratos. ; Los delitos. ; Los cuasi-delitos. ; Garantías legales de las obligaciones. ; Condiciones, forma y extensión de las garantías. ; Las prendas. ; La anticresis -- Índice analítico (materias) de los cuatro tomos... | |
| 506 | _aConsulta en sala | ||
| 546 | _aTexto en francés | ||
| 650 | 2 | 4 |
_aDerecho comercial _zFrancia _941661 |
| 690 | _aDerecho | ||
| 856 | 4 |
_ubooks.google.com.co/books?id=aDIUAAAAQAAJ&printsec=frontcover&dq=Le+Droit+Commercial+dans+ses+rapports+avec+le+Droit+de+Gens+et+le+Droit+Civil&hl=es&sa=X&ei=yor2UfTdBYiI9ASQg4F4&ved=0CCwQ6AEwAA#v=onepage&q=Le Droit Commercial dans ses rapports avec le Droit de Gens et le Droit Civil&f=false _zDisponible en línea V.4 |
|
| 942 |
_cLIBRO _e1 _2DEWEY _h346.0744 |
||
| 999 |
_c171845 _d171845 |
||